Introduction to academic writing

Na minha lista:
Detalhes bibliográficos
Formato: Livro
Publicado em: 1997
Tags: Adicionar Tag
Sem tags, seja o primeiro a adicionar uma tag!
Thư viện lưu trữ: Mạng thư viện Đại học Đà Nẵng
LEADER 00452nam a22001811a 4500
001 000037765
003 14060
005 20160412021140.0
008 160412s1997 000
082 |a 4A(07)1165-66 
245 |a Introduction to academic writing  |c Nguyen Thanh Yen Dich 
260 |c 1997 
OWN |a LNN 
999 |a From the UDN01 
TYP |a Monograph 
980 |a Mạng thư viện Đại học Đà Nẵng